000
00222nam a22000857a 4500
003
SGT
245
_a
INDIAN JOURNAL OF OTALARYNGOLOGY AND HEAD & NECK SURGERY
260
_a
INDIA
_b
SPRINGER
_c
2014, 2016 TO 2019
942
_2
ddc
_c
BV
999
_c
24360
_d
24360